000 02060nam a2200241 a 4500
003 OSt
005 20210122114342.0
008 180327s2009 dr o000 0 spa d
040 _aDO-SdBNP
_bspa
_cBNPHU
082 4 _a352.48
_bR426p, 2009
_222
110 2 _aRepública Dominicana
_911088
_bSecretaría de Estado de Hacienda
240 _a [Leyes, etc.]
245 1 0 _aPresupuesto de ingresos y ley de gastos públicos 2009
260 _aSanto Domingo :
_bSecretaria de Estado de Hacienda. Dirección General de Presupuesto
_c2009
300 _a2v. ;
_c28 cm.
505 2 _av.1. : Presupuesto del Gobierno Central --
_t Primera parte : Presupuesto de ingresos y ley de gastos públicos --
_tSegunda parte : Información de los ingresos --
_tGráficos de los ingresos --
_tInformación de los ingresos --
_tRecursos externos y contrapartidas por Secretaría de Estado --
_tTransferencias a instituciones por fuente de financiamiento --
_tProyecto por programa, fuentes y organismo financiador, según capítulos --
_tProgramas sociales
_tEstimación de los gastos tributarios --
_tMatriz de gastos tributarios --
_tTercera parte : Distribución institucional de los gastos presupuestados --
_tPoder Legislativo --
_tPoder Judicial --
_tOrganismos especiales --
_tProgramas virtuales --
_tCuarta parte --
_tCuarta parte : Transferencias corrientes a organizaciones no gubernamentales (ONG).
_tv.2 : Presupuesto de las instituciones descentralizadas y autónomas no financieras y de las instituciones públicas de la seguridad social.
_tPrimera parte :Presupuesto de ingresos y gastos de las instituciones descentralizadas y autónomas no financieras
_tResumen del proyecto de presupuesto de ingresos año 2009 --
_tResumen del presupuesto de gastos.
590 _aInventariado, 2021 /VM
650 4 _aGasto público
_xLegislación
_zRepública Dominicana
_97940
_2
650 4 _aHacienda pública
_zRepública Dominicana
_96562
650 4 _aFinanzas públicas
_zRepública Dominicana
_93033
910 _aVMateo/Validado. Control de calidad MFF
942 _2ddc
_cLBS1
999 _c49316
_d49316